00644nam a2200181 a 450000100100000000500170001000800410002704000250006808200160009324501170010926000340022630000200026049000260028050000730030650400280037970000290040783000260043600002227320240229073828.0100521s1981 dr a r 001 0 spa d aDO-SdBNPbspacBNPHU axxxxbP957p00aPrincipios de prácticas secretariales en la administración pública /cpresentacin Raymundo Amaro Guzmán. aSanto Domingo :bONAP,c1981. a97 p. ;c21 cm.1 aGuias informativasv3 aIncluye referencias bibliográficas y notas al pie de las páginas aBibliografías : p. 951 aAmaro Guzmán, Raymundo 0aGuias informativasn3